Ponuka služieb

Salvato in:
Dettagli Bibliografici
Natura: Libro
Lingua:slovacco
Pubblicazione: Bratislava VUCHT [1995]
Edizione:1. vyd.
Soggetti:
Tags: Aggiungi Tag
Nessun Tag, puoi essere il primo ad aggiungerne!!

MARC

LEADER 00000nam a2200000 4500
001 c010285
005 20221128073611.5
041 0 |a slo 
044 |a SK 
245 1 0 |a Ponuka služieb 
250 |a 1. vyd. 
264 1 |a Bratislava  |b VUCHT  |c [1995] 
300 |a [20] s. 
610 2 0 |a výskum vedecký 
610 2 0 |a chémia 
610 2 0 |a voda odpadová 
610 2 0 |a látky chemické 
610 2 0 |a čistota vôd 
610 2 0 |a čistota ovzdušia 
610 2 0 |a pôda 
610 2 0 |a poradenstvo 
610 2 0 |a potraviny 
610 2 0 |a odpad 
610 2 0 |a prostredie životné 
610 2 0 |a ekológia 
610 2 0 |a banky dát 
610 2 0 |a havárie